Delivering public services effectively : (Record no. 91261)

MARC details
000 -LEADER
fixed length control field 00799nam a22002297a 4500
005 - DATE AND TIME OF LATEST TRANSACTION
control field 20150316145044.0
010 ## - LCCN (DPL NO)
LC control number ENG-112109
020 ## - INTERNATIONAL STANDARD BOOK NUMBER
International Standard Book Number 9780199451326
Terms of availability 795.00
020 ## - INTERNATIONAL STANDARD BOOK NUMBER
International Standard Book Number 019945132X
Terms of availability 795.00
035 ## - SYSTEM CONTROL NUMBER
System control number EN-95641
037 ## - SOURCE OF ACQUISITION
Source of stock number/acquisition DBAD/PUB
082 ## - DEWEY DECIMAL CLASSIFICATION NUMBER
Classification number 363.60954
100 ## - MAIN ENTRY--PERSONAL NAME
Personal name Vivek S.
245 ## - TITLE STATEMENT
Title Delivering public services effectively :
Statement of responsibility, etc by Vivek S. ; foreworded by Jean Dreze
Remainder of title Tamil Nadu and beyond /
260 ## - PUBLICATION, DISTRIBUTION, ETC. (IMPRINT)
Place of publication, distribution, etc New Delhi
Name of publisher, distributor, etc Oxford University Press
Date of publication, distribution, etc 2015
270 ## - ADDRESS
Address YMCA Library Building, 1, Jai Singh Road,
City New Delhi
Postal code 110001
300 ## - PHYSICAL DESCRIPTION
Extent xx,244p.
Dimensions 24cm(Hb)
500 ## - GENERAL NOTE
General note Includes bibliographical references and index
650 ## - SUBJECT ADDED ENTRY--TOPICAL TERM
Topical term or geographic name as entry element Municipal Services
Geographic subdivision India
-- Tamil Nadu
650 ## - SUBJECT ADDED ENTRY--TOPICAL TERM
Topical term or geographic name as entry element Municipal Services
Geographic subdivision India
942 ## - ADDED ENTRY ELEMENTS (KOHA)
Source of classification or shelving scheme Dewey Decimal Classification
Item type English Books
Call number suffix VIV
Classification part 363.60954
Holdings
Withdrawn status Lost status Not for loan Collection code Home library Current library Date acquired Source of acquisition Cost, normal purchase price Full call number Barcode Copy number Cost, replacement price Koha item type
    Not For Loan Non-fiction D.B.Act.Division D.B.Act.Division 06/02/2015 DBAD/PUB 795.00 363.60954 VIV EN-95641 1 795.00 English Books

© Delhi Public Library
Hit Counter
free hit counter